Missing Word: Singing 'bout Money Quiz Stats

 Plays Quiz Updated Jul 16, 2012

Support Sporcle.
Go Orange.
Score 0/21 Timer 03:00
2 Plays Today
Song Word % Correct
Money Money _____Money
93.7%
For the _____ of MoneyLove
91.7%
Take the Money and _____Run
79.7%
She _____ Hard for the MoneyWorks
78.3%
Money (That's What I _____)Want
77.7%
Keep Your _____ on the MoneyEye
74.4%
Money for _____Nothing
71.8%
You Never _____ Me Your MoneyGive
66.4%
Mo' Money, Mo' _____Problems
54.4%
Standing Outside A Broken Phone _____ With Money In My HandBooth
53.1%
If You've Got the Money I've Got the _____Time
47.4%
Song Word % Correct
Money _____Talks
30.7%
Money _____Honey
29.1%
_____ MoneyGot
27.4%
_____ That Money WantsAll
25.1%
_____ MoneyEasy
15.7%
I _____ MoneyGet
13.5%
Money _____ EverythingChanges
13.2%
The Gold _____ Song (We're in the Money)Diggers'
11.7%
Money Don't Matter 2 _____Night
5.3%
No Money _____Down
4.8%

Today's Daily Dose

You're not logged in!

Compare scores with friends on all Sporcle quizzes.
OR
Log In

From the Vault

Images That Start with 'O'

by sproutcm

'O' what could this be about?
Remove Ads.
Support Sporcle.
Get the best of Sporcle when you Go Orange. This ad-free experience offers more features, more stats, and more fun while also helping to support Sporcle. Thank you for becoming a member.

Show Comments

Extras

Top Quizzes Today


Score Distribution

Your Account Isn't Verified!

In order to create a playlist on Sporcle, you need to verify the email address you used during registration. Go to your Sporcle Settings to finish the process.

Report this User

Report this user for behavior that violates our Community Guidelines.

Details: